Microeconomic theory a matematical approach (Registro nro. 71567)

Detalles MARC
000 -ENCABEZADO
Número de control [NR] 00925nam a2200241Ia 4500
008 - DE LONGITUD FIJA DE DATOS DE ELEMENTOS - INFORMACIÓN GENERAL
Elementos de longitud fija [NR] 130821s1958 xxua gr eng
040 ## - FUENTE DE CATALOGACION [NR]
Agencia de catalogación original [NR] Co-BoUCM
Idioma de catalogación [NR] spa
041 00 - CODIGO DE IDIOMA [R]
Código de idioma para texto/pista de sonido o título separado [R] Inglés
100 1# - ASIENTO PRINCIPAL--NOMBRE PERSONAL [NR]
Nombre personal [NR] Henderson, James Mitchell
ID Autoridad 114366
245 10 - MENCION DE TITULO [NR]
Título [NR] Microeconomic theory a matematical approach
Mención de responsabilidad, etc. [NR] James M. Henderson y Richard E. Quandt
260 ## - PUBLICACION, DISTRIBUCION, ETC. (PIE DE IMPRENTA) [R]
Lugar de publicación, distribución, etc. [R] Nueva York (Estados Unidos)
Nombre del editor, distribuidor, etc. [R] McGraw-hill
Fecha de publicación, distribución, etc. [R] 1958
300 ## - DESCRIPCION FISICA [R]
Extensión [R] xii, 291 páginas
Otros detalles físicos [NR] ilustraciones, gráficas
490 #0 - MENCION DE SERIE [R]
Mención de serie [R] Ecomics Handbook Series / Seymour E. Harris
500 ## - NOTA GENERAL [R]
Nota general [NR] Donación Dr. Álvaro Daza Roa.
500 ## - NOTA GENERAL [R]
Nota general [NR] Incluye referencias bibliográficas e índice.
650 04 - ASIENTO SECUNDARIO DE MATERIA - TERMINO TEMATICO [R]
Término temático o nombre geográfico como elemento de entrada [NR] Comportamiento del consumidor
9 (RLIN) 11290
650 04 - ASIENTO SECUNDARIO DE MATERIA - TERMINO TEMATICO [R]
Término temático o nombre geográfico como elemento de entrada [NR] Economía del bienestar
9 (RLIN) 13680
650 04 - ASIENTO SECUNDARIO DE MATERIA - TERMINO TEMATICO [R]
Término temático o nombre geográfico como elemento de entrada [NR] Equilibrio (Economía)
9 (RLIN) 14689
650 04 - ASIENTO SECUNDARIO DE MATERIA - TERMINO TEMATICO [R]
Término temático o nombre geográfico como elemento de entrada [NR] Microeconomía
9 (RLIN) 19488
700 1# - ASIENTO SECUNDARIO - NOMBRE PERSONAL [R]
Nombre personal [NR] Quandt, Richard E.
9 (RLIN) 114368
942 ## - ELEMENTOS DE ENTRADA AGREGADOS (KOHA)
Tipo de ítem principal el descrito en 300a Libro
Tema principal Economía
Edición 1
Parte restante de la signatura top. H35m
Sistema de clasificación DEWEY
Clasificación 338.5
Existencias
Fecha de último préstamo Signatura topográfica Código de barras Última vez visto Ejemplar Price effective from Tipo de ítem Perdido Sistema de clasificación Dañado No prestable Tipo de ítem específico Suprimido Ubicación habitual Ubicación actual Localización Fecha de creación Forma de adquisición Costo
05/05/2011 FAD 338.5 H35m 100111545 09/05/2018 Ej.1 03/02/2013 Libro   DEWEY     Fondos especiales     Archivo Histórico Archivo histórico 30/09/2011 Donación 26000.00